LEADER 01479nam a2200337 i 4500 001 000000121615 003 CaOOAMICUS 005 20031230000000.0 008 031230s1992 it u000 u ita u 013 $a94310 020 $a88-18-01088-3 040 $aSeMil$bita 100 1 $aLombardini, Siro,$d<1924-2013>.$0(OLS)http://semarc/name/5142 245 10$aC'è ancora spazio per la fede? /$cSiro Lombardini, Dario Antiseri, Massimo Baldini ; presentazione di Jader Jacobelli. 260 $aMilano :$bRusconi,$c1992. 300 $a185 p. ;$c22 cm. 490 0 $aProblemi attuali 500 $aIn preliminari : Dedica autografa dell'Autore. - Fondo Card. C.M. Martini. 650 4$aFilosofia e fede.$0(OLS)http://semarc/subject/5988 650 4$aFede e ragione.$0(OLS)http://semarc/subject/4335 700 1 $aJacobelli, Jader.$0(OLS)http://semarc/name/16326 700 1 $aBaldini, Massimo,$d<1947-2008>.$0(OLS)http://semarc/name/89118 700 1 $aAntiseri, Dario,$d<1940- >.$0(OLS)http://semarc/name/3807 830 0$aProblemi attuali.$0(OLS)http://semarc/title/7307 850 $aSeMil 852 $aSeMil$W1$xVenegono$y1$m1C V 111$j76681$B76681$CSeMilBibl$Z2$F78432 $81 941 1 $a4 961 $aOmaggio: Martini Card. Carlo Maria 996 $6020$a88-18-01088-3$9(OLS)http://semarc/number/107141 996 $6245$aC'è ancora spazio per la fede?$9(OLS)http://semarc/title/179066 996 $6260$aMilano :$bRusconi$9(OLS)http://semarc/publisher/30258 LEADER 01210nam a2200277 i 4500 001 000000332480 003 CaOOAMICUS 005 20190207113716.0 008 190207s2015 it u000 u ita u 013 $a238310 020 $a978-88-372-2802-6 040 $aSeMil$bita 100 1 $aCassirer, Ernst,$d<1874-1945>.$0(OLS)http://semarc/name/8941 245 10$aAlbert Schweitzer e l'etica del XIX secolo /$cErnst Cassirer ; a cura di Enrico Colombo. 260 $aBrescia :$bMorcelliana,$c2015. 300 $a77 p. ;$c19 cm. 490 0 $aIl pellicano rosso. Nuova serie ;$v223 600 14$aSchweitzer, Albert <1875-1965>.$0(OLS)http://semarc/subject/2447 700 1 $aColombo, Enrico,$d<1963- >,$ecuratore.$0(OLS)http://semarc/name/47525 830 3$aIl pellicano rosso. Nuova serie ;$v223.$0(OLS)http://semarc/title/11366 850 $aSeMil 852 $aSeMil$W1$xVenegono$y1$m2LA V 223$j266678$B224288$CSeMilBibl$Z2$F224288 $81 996 $6020$a978-88-372-2802-6$9(OLS)http://semarc/number/286515 996 $6245$aAlbert Schweitzer e l'etica del XIX secolo$9(OLS)http://semarc/title/421343 996 $6260$aBrescia :$bMorcelliana$9(OLS)http://semarc/publisher/29629